[Event "1st Sivas Buruciye Open 2019"]
[Site "Sivas"]
[Date "2019.08.22"]
[Round "6"]
[White "Bayramov, Elvin"]
[Black "Lortkipanidze, Nodar"]
[Result "0-1"]
[WhiteElo "2198"]
[BlackElo "2336"]
[Annotator "NA"]
[PlyCount "148"]
[EventDate "2019.08.19"]
[EventType "swiss"]
[EventCountry "TUR"]
[SourceTitle "playchess.com"]
[Source "ChessBase"]
[SourceQuality "1"]
[TimeControl "5400+30"]

1. e4 {[%emt 0:00:30]} e6 {[%emt 0:00:30]} 2. d4 {[%emt 0:03:30]} d5 {[%emt 0:00:30]} 3. Nd2 {[%emt 0:00:30]} Be7 {[%emt 0:00:00]} 4. Ngf3 {[%emt 0:00:00]} Nf6 {[%emt 0:00:00]} 5. e5 {[%emt 0:00:00]} Nfd7 {[%emt 0:00:00]} 6. Bd3 {[%emt 0:01:30]} c5 {[%emt 0:00:00]} 7. c3 {[%emt 0:00:30]} b6 {[%emt 0:00:00]} 8. Nf1 {[%emt 0:01:30]} Ba6 {[%emt 0:00:00]} 9. Ng3 {[%emt 0:00:30]} Qc8 {[%emt 0:00:30]} 10. Nh5 {[%emt 0:00:30]} g6 {[%emt 0:03:30]} 11. Nf4 {[%emt 0:01:30]} Nc6 {[%emt 0:02:30]} 12. Qe2 {[%emt 0:02:30]} Bxd3 {[%emt 0:00:00]} 13. Nxd3 {[%emt 0:00:00]} Qa6 {[%emt 0:02:00]} 14. O-O {[%emt 0:02:00]} cxd4 {[%emt 0:05:30]} 15. cxd4 {[%emt 0:00:30]} O-O {[%emt 0:00:00]} 16. Bh6 {[%emt 0:01:30]} Rfc8 {[%emt 0:00:00]} 17. Qd2 {[%emt 0:02:30]} Qa4 {[%emt 0:08:30]} 18. Qf4 {[%emt 0:01:30]} Qc2 {[%emt 0:04:30]} 19. Rfd1 {[%emt 0:01:30]} Qe2 {[%emt 0:01:30]} 20. Rac1 {[%emt 0:04:30]} Qe4 {[%emt 0:01:30]} 21. Rc3 {[%emt 0:00:30]} Qxf4 {[%emt 0:03:30]} 22. Bxf4 {[%emt 0:04:30]} Nb4 {[%emt 0:04:30]} 23. Bg5 {[%emt 0:06:30]} Rxc3 {[%emt 0:01:30]} 24. bxc3 {[%emt 0:00:30]} Nc6 {[%emt 0:00:00]} 25. Bxe7 {[%emt 0:06:30]} Nxe7 {[%emt 0:00:00]} 26. Nd2 {[%emt 0:00:00]} Rc8 {[%emt 0:02:30]} 27. Rc1 {[%emt 0:00:00]} Nc6 {[%emt 0:00:30]} 28. Kf1 {[%emt 0:00:00]} Na5 {[%emt 0:00:30]} 29. Ke2 {[%emt 0:00:00]} f6 {[%emt 0:02:30]} 30. exf6 {[%emt 0:01:30]} Nxf6 {[%emt 0:00:00]} 31. Nf4 {[%emt 0:00:30]} Kf7 {[%emt 0:01:00]} 32. Kd3 {[%emt 0:00:30]} g5 {[%emt 0:00:30]} 33. Nh3 {[%emt 0:01:30]} h6 {[%emt 0:00:30]} 34. f4 {[%emt 0:00:00]} g4 {[%emt 0:01:30]} 35. Nf2 {[%emt 0:00:00]} Nc4 {[%emt 0:00:00]} 36. Nxc4 {[%emt 0:00:30]} Rxc4 {[%emt 0:00:00]} 37. Re1 {[%emt 0:02:30]} Ra4 {[%emt 0:00:30]} 38. Re2 {[%emt 0:00:30]} Ra3 {[%emt 0:01:30]} 39. g3 {[%emt 0:03:30]} b5 {[%emt 0:01:30]} 40. Rb2 {[%emt 0:00:00]} a6 {[%emt 0:00:30]} 41. Kd2 {[%emt 0:01:00]} h5 {[%emt 0:00:30]} 42. Rc2 {[%emt 0:00:30]} Ra4 {[%emt 0:07:30]} 43. Kc1 {[%emt 0:06:30]} Ne4 {[%emt 0:00:30]} 44. Nd3 {[%emt 0:05:30]} Kf6 {[%emt 0:01:30]} 45. Ne5 {[%emt 0:00:30]} Kf5 {[%emt 0:01:30]} 46. Kb2 {[%emt 0:02:30]} Nd6 {[%emt 0:01:30]} 47. Re2 {[%emt 0:01:30]} a5 {[%emt 0:02:30]} 48. Kb3 {[%emt 0:09:30]} h4 {[%emt 0:09:30]} 49. gxh4 {[%emt 0:04:30]} Nc4 {[%emt 0:01:30]} 50. Nxc4 {[%emt 0:00:30]} Rxc4 {[%emt 0:00:30]} 51. Re5+ {[%emt 0:02:30]} Kxf4 {[%emt 0:00:30]} 52. Rxe6 {[%emt 0:00:30]} b4 {[%emt 0:01:30]} 53. cxb4 {[%emt 0:00:30]} Rxb4+ {[%emt 0:00:00]} 54. Kc3 {[%emt 0:00:30]} Ra4 {[%emt 0:00:00]} 55. Rf6+ {[%emt 0:03:30]} Ke4 {[%emt 0:01:30]} 56. Re6+ {[%emt 0:06:27]} Kf3 {[%emt 0:00:30]} 57. Rf6+ {[%emt 0:00:02]} Kg2 {[%emt 0:00:30]} 58. Re6 {[%emt 0:08:09]} Rb4 {[%emt 0:00:30]} 59. Rf6 {[%emt 0:00:30]} Ra4 {[%emt 0:00:30]} 60. Re6 {[%emt 0:00:30]} Kf3 {[%emt 0:00:30]} 61. Rf6+ {[%emt 0:00:30]} Kg2 {[%emt 0:00:30]} 62. Rg6 {[%emt 0:00:30]} Kh3 {[%emt 0:00:30]} 63. h5 {[%emt 0:02:27]} Rxa2 {[%emt 0:00:00]} 64. Rg5 {[%emt 0:02:13]} Rxh2 {[%emt 0:01:00]} 65. Rxd5 {[%emt 0:02:56]} g3 {[%emt 0:01:30]} 66. Rg5 {[%emt 0:02:16]} a4 {[%emt 0:01:30]} 67. h6 {[%emt 0:00:00]} Kg2 {[%emt 0:00:30]} 68. Rg6 {[%emt 0:00:00]} Rh5 {[%emt 0:01:30]} 69. Kc4 {[%emt 0:00:00]} Kh2 {[%emt 0:00:30]} 70. d5 {[%emt 0:00:00]} a3 {[%emt 0:00:30]} 71. d6 {[%emt 0:02:21]} a2 {[%emt 0:00:30]} 72. d7 {[%emt 0:00:00]} a1=Q {[%emt 0:00:00]} 73. d8=Q {[%emt 0:00:00]} Qc1+ {[%emt 0:00:00]} 74. Kb4 {[%emt 0:00:20]} Qb1+ {[%emt 0:00:00]} 0-1

[Event "1st Sivas Buruciye Open 2019"]
[Site "Sivas"]
[Date "2019.08.22"]
[Round "6"]
[White "Tofan, Ibrahim"]
[Black "Saraci, Nderim"]
[Result "0-1"]
[WhiteElo "2055"]
[BlackElo "2398"]
[Annotator "NA"]
[PlyCount "116"]
[EventDate "2019.08.19"]
[EventType "swiss"]
[EventCountry "TUR"]
[SourceTitle "playchess.com"]
[Source "ChessBase"]
[SourceQuality "1"]
[TimeControl "5400+30"]

1. c4 {[%emt 0:00:30]} Nf6 {[%emt 0:00:30]} 2. Nc3 {[%emt 0:00:30]} g6 {[%emt 0:00:30]} 3. b3 {[%emt 0:01:30]} Bg7 {[%emt 0:00:00]} 4. Bb2 {[%emt 0:00:00]} O-O {[%emt 0:00:00]} 5. g3 {[%emt 0:00:00]} c6 {[%emt 0:05:30]} 6. Bg2 {[%emt 0:01:30]} d5 {[%emt 0:00:30]} 7. cxd5 {[%emt 0:03:30]} cxd5 {[%emt 0:00:30]} 8. Nf3 {[%emt 0:00:30]} Nc6 {[%emt 0:02:30]} 9. d4 {[%emt 0:00:30]} Ne4 {[%emt 0:05:30]} 10. O-O {[%emt 0:00:30]} Bf5 {[%emt 0:03:30]} 11. e3 {[%emt 0:00:30]} Rc8 {[%emt 0:09:30]} 12. Nxe4 {[%emt 0:03:30]} Bxe4 {[%emt 0:00:30]} 13. Qd2 {[%emt 0:00:30]} a5 {[%emt 0:11:30]} 14. Rac1 {[%emt 0:04:30]} a4 {[%emt 0:01:30]} 15. b4 {[%emt 0:03:30]} Qb6 {[%emt 0:13:30]} 16. a3 {[%emt 0:03:30]} Nb8 {[%emt 0:02:30]} 17. Ne1 {[%emt 0:12:30]} Bxg2 {[%emt 0:02:30]} 18. Kxg2 {[%emt 0:00:30]} Nd7 {[%emt 0:01:30]} 19. Nd3 {[%emt 0:00:30]} Qb5 {[%emt 0:00:30]} 20. Nc5 {[%emt 0:24:30]} Nb6 {[%emt 0:00:30]} 21. Rc2 {[%emt 0:02:30]} Nc4 {[%emt 0:01:30]} 22. Qe2 {[%emt 0:01:30]} b6 {[%emt 0:02:30]} 23. Nd3 {[%emt 0:00:30]} Rc7 {[%emt 0:08:30]} 24. Ne5 {[%emt 0:06:30]} Rfc8 {[%emt 0:00:30]} 25. Nxc4 {[%emt 0:00:30]} dxc4 {[%emt 0:02:30]} 26. Rd1 {[%emt 0:05:30]} Qd7 {[%emt 0:00:00]} 27. Rdc1 {[%emt 0:00:00]} b5 {[%emt 0:00:00]} 28. Bc3 {[%emt 0:00:00]} e5 {[%emt 0:00:30]} 29. dxe5 {[%emt 0:01:30]} Bxe5 {[%emt 0:00:30]} 30. Rd1 {[%emt 0:00:30]} Qe6 {[%emt 0:00:30]} 31. Bxe5 {[%emt 0:04:47]} Qxe5 {[%emt 0:00:00]} 32. Qf3 {[%emt 0:00:00]} Qe6 {[%emt 0:04:00]} 33. Rd5 {[%emt 0:02:38]} Rb8 {[%emt 0:02:30]} 34. Rcd2 {[%emt 0:02:18]} Rcc8 {[%emt 0:09:02]} 35. h4 {[%emt 0:04:28]} h5 {[%emt 0:00:15]} 36. e4 {[%emt 0:01:14]} Qe8 {[%emt 0:03:29]} 37. e5 {[%emt 0:02:21]} Qe6 {[%emt 0:01:11]} 38. Qc3 {[%emt 0:00:42]} Re8 {[%emt 0:00:32]} 39. f4 {[%emt 0:00:40]} Qf5 {[%emt 0:00:58]} 40. Kh2 {[%emt 0:00:29]} Qb1 {[%emt 0:01:09]} 41. Rd7 {[%emt 0:01:01]} Qb3 {[%emt 0:00:33]} 42. Qd4 {[%emt 0:00:22]} c3 {[%emt 0:00:26]} 43. Rf2 {[%emt 0:03:44]} c2 {[%emt 0:01:51]} 44. Rc7 {[%emt 0:00:36]} Red8 {[%emt 0:01:34]} 45. Qa7 {[%emt 0:01:17]} Rbc8 {[%emt 0:01:09]} 46. Qc5 {[%emt 0:00:43]} Rxc7 {[%emt 0:02:08]} 47. Qxc7 {[%emt 0:00:30]} Rd3 {[%emt 0:00:30]} 48. Rxc2 {[%emt 0:00:30]} Rxg3 {[%emt 0:00:30]} 49. Qc8+ {[%emt 0:00:30]} Kg7 {[%emt 0:00:30]} 50. Rg2 {[%emt 0:00:30]} Rxg2+ {[%emt 0:00:30]} 51. Kxg2 {[%emt 0:00:30]} Qxa3 {[%emt 0:00:30]} 52. Qd8 {[%emt 0:03:36]} Qb3 {[%emt 0:00:09]} 53. Qf6+ {[%emt 0:00:34]} Kh7 {[%emt 0:00:06]} 54. Qa6 {[%emt 0:00:00]} Qxb4 {[%emt 0:00:33]} 55. e6 {[%emt 0:00:20]} Qe4+ {[%emt 0:00:30]} 56. Kg3 {[%emt 0:00:30]} Qxe6 {[%emt 0:00:30]} 57. Qxb5 {[%emt 0:00:30]} Qg4+ {[%emt 0:00:30]} 58. Kf2 {[%emt 0:00:30]} Qxf4+ {[%emt 0:00:30]} 0-1

[Event "1st Sivas Buruciye Open 2019"]
[Site "Sivas"]
[Date "2019.08.22"]
[Round "6"]
[White "Caputcuoglu, Zeki Berke"]
[Black "Sevdimaliyev, Urfan"]
[Result "1/2-1/2"]
[WhiteElo "2004"]
[BlackElo "2348"]
[Annotator "NA"]
[PlyCount "40"]
[EventDate "2019.08.19"]
[EventType "swiss"]
[EventCountry "TUR"]
[SourceTitle "playchess.com"]
[Source "ChessBase"]
[SourceQuality "1"]
[TimeControl "5400+30"]

1. Nf3 {[%emt 0:02:30]} d5 {[%emt 0:00:30]} 2. d4 {[%emt 0:00:00]} Nf6 {[%emt 0:00:30]} 3. c4 {[%emt 0:00:00]} e6 {[%emt 0:00:30]} 4. Nc3 {[%emt 0:00:30]} Be7 {[%emt 0:01:30]} 5. Bg5 {[%emt 0:01:30]} Nbd7 {[%emt 0:01:30]} 6. e3 {[%emt 0:00:30]} h6 {[%emt 0:01:30]} 7. Bh4 {[%emt 0:00:30]} O-O {[%emt 0:00:30]} 8. Bd3 {[%emt 0:01:30]} c5 {[%emt 0:01:30]} 9. cxd5 {[%emt 0:01:30]} cxd4 {[%emt 0:02:30]} 10. Nxd4 {[%emt 0:02:30]} Nxd5 {[%emt 0:00:30]} 11. Bxe7 {[%emt 0:00:30]} Nxe7 {[%emt 0:00:30]} 12. O-O {[%emt 0:01:30]} Nf6 {[%emt 0:05:30]} 13. Bc2 {[%emt 0:06:30]} Qb6 {[%emt 0:08:30]} 14. Qe2 {[%emt 0:22:30]} e5 {[%emt 0:07:30]} 15. Nf3 {[%emt 0:00:30]} Nc6 {[%emt 0:12:30]} 16. Ne4 {[%emt 0:02:30]} Nxe4 {[%emt 0:17:30]} 17. Bxe4 {[%emt 0:00:00]} Re8 {[%emt 0:03:30]} 18. Rac1 {[%emt 0:02:00]} Bg4 {[%emt 0:03:30]} 19. h3 {[%emt 0:01:30]} Bxf3 {[%emt 0:10:11]} 20. Qxf3 {[%emt 0:00:30]} Rac8 {[%emt 0:01:40]} 1/2-1/2

[Event "1st Sivas Buruciye Open 2019"]
[Site "Sivas"]
[Date "2019.08.22"]
[Round "6"]
[White "Yontar, Sabrican Onay"]
[Black "Altundal, Arda"]
[Result "0-1"]
[WhiteElo "1881"]
[BlackElo "1659"]
[Annotator "NA"]
[PlyCount "74"]
[EventDate "2019.08.19"]
[EventType "swiss"]
[EventCountry "TUR"]
[SourceTitle "playchess.com"]
[Source "ChessBase"]
[SourceQuality "1"]
[TimeControl "5400+30"]

1. e4 {[%emt 0:02:30]} c5 {[%emt 0:01:30]} 2. Nf3 {[%emt 0:00:00]} d6 {[%emt 0:00:00]} 3. b3 {[%emt 0:00:00]} Nc6 {[%emt 0:01:00]} 4. Bb2 {[%emt 0:00:30]} e5 {[%emt 0:00:30]} 5. Bc4 {[%emt 0:04:30]} Be7 {[%emt 0:01:30]} 6. Nc3 {[%emt 0:03:30]} Nf6 {[%emt 0:00:30]} 7. Bd5 {[%emt 0:02:30]} Nxd5 {[%emt 0:04:30]} 8. Nxd5 {[%emt 0:10:30]} f5 {[%emt 0:01:30]} 9. d3 {[%emt 0:02:30]} O-O {[%emt 0:01:30]} 10. Nd2 {[%emt 0:04:30]} Be6 {[%emt 0:03:30]} 11. f4 {[%emt 0:12:30]} Bxd5 {[%emt 0:14:30]} 12. exd5 {[%emt 0:00:30]} Nb4 {[%emt 0:00:00]} 13. fxe5 {[%emt 0:08:30]} dxe5 {[%emt 0:01:00]} 14. O-O {[%emt 0:01:30]} Qxd5 {[%emt 0:04:30]} 15. Nc4 {[%emt 0:04:30]} Nc6 {[%emt 0:08:30]} 16. Qe2 {[%emt 0:04:30]} Bd6 {[%emt 0:11:30]} 17. Rae1 {[%emt 0:00:30]} Rae8 {[%emt 0:00:30]} 18. g4 {[%emt 0:10:30]} f4 {[%emt 0:13:30]} 19. Qe4 {[%emt 0:02:30]} Qe6 {[%emt 0:03:30]} 20. h3 {[%emt 0:00:30]} Re7 {[%emt 0:00:30]} 21. Re2 {[%emt 0:01:30]} Nd4 {[%emt 0:06:30]} 22. Bxd4 {[%emt 0:00:30]} cxd4 {[%emt 0:00:00]} 23. Rfe1 {[%emt 0:01:30]} f3 {[%emt 0:00:00]} 24. Rf2 {[%emt 0:00:30]} Bb4 {[%emt 0:00:30]} 25. Nd2 {[%emt 0:02:06]} Bxd2 {[%emt 0:10:26]} 26. Rxd2 {[%emt 0:00:05]} Qh6 {[%emt 0:03:17]} 27. Rh2 {[%emt 0:01:48]} Qh4 {[%emt 0:00:53]} 28. Rf1 {[%emt 0:00:18]} Qg3+ {[%emt 0:02:54]} 29. Kh1 {[%emt 0:00:06]} Ref7 {[%emt 0:01:48]} 30. Rff2 {[%emt 0:04:55]} a6 {[%emt 0:02:47]} 31. Rf1 {[%emt 0:06:33]} f2 {[%emt 0:01:06]} 32. Qg2 {[%emt 0:00:14]} Qe3 {[%emt 0:00:27]} 33. Qd5 {[%emt 0:00:55]} Kh8 {[%emt 0:00:36]} 34. Qe4 {[%emt 0:03:52]} Rf3 {[%emt 0:00:46]} 35. Qxb7 {[%emt 0:01:26]} Rxh3 {[%emt 0:00:48]} 36. Qg2 {[%emt 0:01:15]} Rg3 {[%emt 0:00:12]} 37. Rxf2 {[%emt 0:00:48]} Qe1+ {[%emt 0:00:07]} 0-1

[Event "1st Sivas Buruciye Open 2019"]
[Site "Sivas"]
[Date "2019.08.22"]
[Round "6"]
[White "Sabahi, Ali Can"]
[Black "Yilmaz, Hasan"]
[Result "1-0"]
[WhiteElo "1825"]
[BlackElo "1580"]
[Annotator "NA"]
[PlyCount "49"]
[EventDate "2019.08.19"]
[EventType "swiss"]
[EventCountry "TUR"]
[SourceTitle "playchess.com"]
[Source "ChessBase"]
[SourceQuality "1"]
[TimeControl "5400+30"]

1. e4 {[%emt 0:00:30]} e6 {[%emt 0:00:30]} 2. d4 {[%emt 0:01:30]} b6 {[%emt 0:00:30]} 3. Be3 {[%emt 0:00:30]} Bb7 {[%emt 0:00:30]} 4. Nd2 {[%emt 0:00:00]} Nf6 {[%emt 0:02:30]} 5. Bd3 {[%emt 0:00:00]} d5 {[%emt 0:00:00]} 6. e5 {[%emt 0:00:30]} Nfd7 {[%emt 0:00:00]} 7. f4 {[%emt 0:00:30]} c5 {[%emt 0:00:30]} 8. c3 {[%emt 0:00:00]} Nc6 {[%emt 0:00:30]} 9. Ngf3 {[%emt 0:00:00]} a5 {[%emt 0:00:30]} 10. O-O {[%emt 0:10:30]} c4 {[%emt 0:10:30]} 11. Bc2 {[%emt 0:00:30]} b5 {[%emt 0:00:00]} 12. f5 {[%emt 0:00:00]} Be7 {[%emt 0:05:00]} 13. fxe6 {[%emt 0:01:00]} fxe6 {[%emt 0:00:00]} 14. Ng5 {[%emt 0:01:30]} Nf8 {[%emt 0:06:00]} 15. Nf7 {[%emt 0:00:30]} Qd7 {[%emt 0:05:30]} 16. Nxh8 {[%emt 0:00:30]} O-O-O {[%emt 0:00:30]} 17. Nf7 {[%emt 0:01:30]} Re8 {[%emt 0:00:30]} 18. Nd6+ {[%emt 0:00:00]} Bxd6 {[%emt 0:00:30]} 19. exd6 {[%emt 0:00:00]} Qxd6 {[%emt 0:00:30]} 20. Rf7 {[%emt 0:02:30]} e5 {[%emt 0:00:30]} 21. Qg4+ {[%emt 0:00:30]} Kb8 {[%emt 0:00:30]} 22. Qxg7 {[%emt 0:00:30]} Nd8 {[%emt 0:00:30]} 23. dxe5 {[%emt 0:01:30]} Rxe5 {[%emt 0:03:30]} 24. Bf4 {[%emt 0:02:30]} Nxf7 {[%emt 0:00:30]} 25. Qxf7 {[%emt 0:00:00]} 1-0

[Event "1st Sivas Buruciye Open 2019"]
[Site "Sivas"]
[Date "2019.08.22"]
[Round "6"]
[White "Shahlarov, Faig"]
[Black "Amanmuradow, Atajan"]
[Result "0-1"]
[WhiteElo "1798"]
[BlackElo "1794"]
[Annotator "NA"]
[PlyCount "64"]
[EventDate "2019.08.19"]
[EventType "swiss"]
[EventCountry "TUR"]
[SourceTitle "playchess.com"]
[Source "ChessBase"]
[SourceQuality "1"]
[TimeControl "5400+30"]

1. d4 {[%emt 0:02:30]} d5 {[%emt 0:00:30]} 2. Nc3 {[%emt 0:00:00]} Nf6 {[%emt 0:02:30]} 3. Bf4 {[%emt 0:00:00]} a6 {[%emt 0:00:30]} 4. e3 {[%emt 0:00:00]} Nbd7 {[%emt 0:00:30]} 5. g4 {[%emt 0:05:00]} h6 {[%emt 0:02:30]} 6. h4 {[%emt 0:00:30]} g6 {[%emt 0:07:30]} 7. f3 {[%emt 0:00:30]} c5 {[%emt 0:01:30]} 8. dxc5 {[%emt 0:11:30]} e5 {[%emt 0:11:30]} 9. Bg3 {[%emt 0:00:30]} Qa5 {[%emt 0:00:30]} 10. Qd2 {[%emt 0:03:30]} Bxc5 {[%emt 0:01:30]} 11. O-O-O {[%emt 0:03:30]} d4 {[%emt 0:15:30]} 12. exd4 {[%emt 0:00:30]} exd4 {[%emt 0:00:30]} 13. Nb1 {[%emt 0:11:30]} Qxa2 {[%emt 0:12:30]} 14. Ne2 {[%emt 0:06:30]} Nb6 {[%emt 0:02:30]} 15. Nxd4 {[%emt 0:00:30]} Na4 {[%emt 0:00:00]} 16. c3 {[%emt 0:06:30]} Bxd4 {[%emt 0:05:00]} 17. Qe2+ {[%emt 0:01:30]} Be6 {[%emt 0:00:30]} 18. Rxd4 {[%emt 0:00:00]} O-O {[%emt 0:01:30]} 19. Rxa4 {[%emt 0:19:00]} Qxa4 {[%emt 0:00:00]} 20. Be5 {[%emt 0:00:00]} Nd7 {[%emt 0:03:00]} 21. Bd4 {[%emt 0:00:00]} Rac8 {[%emt 0:00:30]} 22. Qe3 {[%emt 0:02:30]} Rfe8 {[%emt 0:01:30]} 23. Bd3 {[%emt 0:08:42]} Bb3 {[%emt 0:03:30]} 24. Qf4 {[%emt 0:00:30]} Re6 {[%emt 0:02:30]} 25. Be3 {[%emt 0:07:14]} Qa1 {[%emt 0:16:45]} 26. Be4 {[%emt 0:09:05]} Ne5 {[%emt 0:01:44]} 27. Qxh6 {[%emt 0:00:36]} Nc4 {[%emt 0:01:19]} 28. Rh2 {[%emt 0:00:05]} Rxe4 {[%emt 0:01:42]} 29. fxe4 {[%emt 0:00:06]} Ba2 {[%emt 0:00:00]} 30. Kd1 {[%emt 0:01:52]} Qxb1+ {[%emt 0:00:00]} 31. Bc1 {[%emt 0:00:45]} Rd8+ {[%emt 0:01:13]} 32. Ke1 {[%emt 0:00:03]} Bb3 {[%emt 0:01:49]} 0-1

[Event "1st Sivas Buruciye Open 2019"]
[Site "Sivas"]
[Date "2019.08.22"]
[Round "6"]
[White "Taze, Bulent"]
[Black "Citil, Feyzullah"]
[Result "1-0"]
[WhiteElo "1743"]
[BlackElo "1586"]
[Annotator "NA"]
[PlyCount "145"]
[EventDate "2019.08.19"]
[EventType "swiss"]
[EventCountry "TUR"]
[SourceTitle "playchess.com"]
[Source "ChessBase"]
[SourceQuality "1"]
[TimeControl "5400+30"]

1. d4 {[%emt 0:00:30]} Nf6 {[%emt 0:10:30]} 2. c4 {[%emt 0:00:00]} d6 {[%emt 0:01:30]} 3. Nc3 {[%emt 0:00:00]} g6 {[%emt 0:00:30]} 4. e4 {[%emt 0:00:30]} Bg7 {[%emt 0:00:00]} 5. Nf3 {[%emt 0:00:30]} O-O {[%emt 0:00:00]} 6. Be2 {[%emt 0:00:00]} e5 {[%emt 0:00:30]} 7. O-O {[%emt 0:00:00]} Nc6 {[%emt 0:01:30]} 8. d5 {[%emt 0:00:30]} Ne7 {[%emt 0:00:00]} 9. Ne1 {[%emt 0:00:30]} Nd7 {[%emt 0:10:00]} 10. Be3 {[%emt 0:00:30]} f5 {[%emt 0:00:30]} 11. f3 {[%emt 0:00:30]} f4 {[%emt 0:02:30]} 12. Bf2 {[%emt 0:00:00]} g5 {[%emt 0:00:00]} 13. Nd3 {[%emt 0:00:00]} Ng6 {[%emt 0:02:00]} 14. c5 {[%emt 0:00:30]} Nf6 {[%emt 0:00:30]} 15. cxd6 {[%emt 0:00:30]} cxd6 {[%emt 0:00:30]} 16. Rc1 {[%emt 0:00:30]} Rf7 {[%emt 0:01:30]} 17. Qb3 {[%emt 0:05:30]} h5 {[%emt 0:01:30]} 18. Nb5 {[%emt 0:02:30]} a6 {[%emt 0:00:30]} 19. Na7 Bd7 {[%emt 0:05:30]} 20. Qxb7 {[%emt 0:10:00]} Bb5 {[%emt 0:13:30]} 21. Qxa8 {[%emt 0:00:30]} Qxa8 {[%emt 0:01:30]} 22. Rc8+ {[%emt 0:00:30]} Qxc8 {[%emt 0:00:30]} 23. Nxc8 {[%emt 0:00:00]} Bf8 {[%emt 0:02:30]} 24. Na7 {[%emt 0:01:00]} Bxd3 {[%emt 0:01:30]} 25. Bxd3 {[%emt 0:00:30]} g4 {[%emt 0:00:30]} 26. Nc6 {[%emt 0:01:30]} h4 {[%emt 0:00:30]} 27. Bxa6 {[%emt 0:01:30]} g3 {[%emt 0:00:30]} 28. hxg3 {[%emt 0:00:30]} hxg3 {[%emt 0:00:30]} 29. Bb6 {[%emt 0:01:30]} Rh7 {[%emt 0:02:30]} 30. Bd8 {[%emt 0:01:30]} Kg7 {[%emt 0:01:30]} 31. Bxf6+ {[%emt 0:00:30]} Kxf6 {[%emt 0:00:00]} 32. Bc8 {[%emt 0:01:30]} Ne7 {[%emt 0:01:00]} 33. Nxe7 {[%emt 0:00:30]} Bxe7 {[%emt 0:00:30]} 34. Bh3 {[%emt 0:02:30]} Bd8 {[%emt 0:00:00]} 35. Rc1 {[%emt 0:00:30]} Rb7 {[%emt 0:00:00]} 36. Rc2 {[%emt 0:00:30]} Bb6+ {[%emt 0:01:30]} 37. Kf1 {[%emt 0:00:30]} Bd4 {[%emt 0:00:00]} 38. b3 {[%emt 0:00:00]} Bc5 {[%emt 0:00:00]} 39. Ke2 {[%emt 0:00:00]} Rh7 {[%emt 0:00:30]} 40. Kf1 {[%emt 0:07:30]} Rb7 {[%emt 0:02:30]} 41. Rc1 {[%emt 0:12:30]} Ra7 {[%emt 0:00:30]} 42. a4 {[%emt 0:00:30]} Rb7 {[%emt 0:00:30]} 43. Rb1 {[%emt 0:01:30]} Ke7 {[%emt 0:01:30]} 44. Ke2 {[%emt 0:08:30]} Kd8 {[%emt 0:00:30]} 45. Kd3 {[%emt 0:00:30]} Kc7 {[%emt 0:00:30]} 46. Kc4 {[%emt 0:02:30]} Rb4+ {[%emt 0:00:30]} 47. Kc3 {[%emt 0:00:30]} Kb6 {[%emt 0:00:30]} 48. Bd7 {[%emt 0:00:30]} Ka5 {[%emt 0:00:30]} 49. Bb5 {[%emt 0:00:30]} Rd4 {[%emt 0:00:30]} 50. Bd3 {[%emt 0:00:30]} Rb4 {[%emt 0:00:30]} 51. Rh1 {[%emt 0:00:30]} Bd4+ {[%emt 0:00:30]} 52. Kc2 {[%emt 0:00:30]} Rb7 {[%emt 0:00:30]} 53. Rh8 {[%emt 0:00:30]} Kb4 {[%emt 0:06:30]} 54. Bb5 {[%emt 0:02:30]} Ka3 {[%emt 0:08:30]} 55. Rh6 {[%emt 0:02:30]} Rb6 {[%emt 0:00:30]} 56. Rh7 {[%emt 0:01:30]} Kb4 {[%emt 0:00:30]} 57. Bc6 {[%emt 0:00:30]} Ka3 {[%emt 0:00:30]} 58. Bb5 {[%emt 0:02:30]} Kb4 {[%emt 0:03:30]} 59. Bc4 {[%emt 0:00:30]} Rb8 {[%emt 0:01:37]} 60. Kd3 {[%emt 0:03:30]} Bc5 {[%emt 0:02:17]} 61. Rh1 {[%emt 0:01:30]} Bd4 {[%emt 0:00:29]} 62. Kc2 {[%emt 0:02:30]} Bc5 {[%emt 0:00:10]} 63. Rh7 {[%emt 0:02:30]} Bd4 {[%emt 0:00:40]} 64. Ba6 {[%emt 0:01:30]} Bc5 {[%emt 0:00:58]} 65. Bb7 {[%emt 0:03:30]} Bd4 {[%emt 0:00:13]} 66. Kd3 {[%emt 0:00:30]} Bc5 {[%emt 0:00:25]} 67. a5 {[%emt 0:01:30]} Kxa5 {[%emt 0:00:58]} 68. Kc4 {[%emt 0:00:00]} Kb6 {[%emt 0:00:54]} 69. b4 {[%emt 0:00:00]} Be3 {[%emt 0:05:34]} 70. Bc6 {[%emt 0:00:30]} Rd8 {[%emt 0:01:59]} 71. Rb7+ {[%emt 0:01:30]} Ka6 {[%emt 0:00:30]} 72. Kb3 {[%emt 0:00:30]} Bc5 {[%emt 0:00:30]} 73. bxc5 {[%emt 0:00:30]} 1-0

[Event "1st Sivas Buruciye Open 2019"]
[Site "Sivas"]
[Date "2019.08.22"]
[Round "6"]
[White "Can, Ilhan"]
[Black "Gur, Tuba"]
[Result "1-0"]
[WhiteElo "1683"]
[BlackElo "1775"]
[Annotator "NA"]
[PlyCount "58"]
[EventDate "2019.08.19"]
[EventType "swiss"]
[EventCountry "TUR"]
[SourceTitle "playchess.com"]
[Source "ChessBase"]
[SourceQuality "1"]
[TimeControl "5400+30"]

1. e4 {[%emt 0:02:30]} c5 {[%emt 0:00:30]} 2. Nf3 {[%emt 0:00:30]} e6 {[%emt 0:00:30]} 3. d4 {[%emt 0:00:30]} cxd4 {[%emt 0:00:00]} 4. Nxd4 {[%emt 0:00:00]} a6 {[%emt 0:00:00]} 5. Bd3 {[%emt 0:00:00]} d6 {[%emt 0:00:00]} 6. O-O {[%emt 0:00:30]} Nf6 {[%emt 0:00:00]} 7. Nc3 {[%emt 0:05:30]} b5 {[%emt 0:00:30]} 8. a3 {[%emt 0:00:30]} Bb7 {[%emt 0:00:00]} 9. Kh1 {[%emt 0:00:30]} Qc7 {[%emt 0:01:00]} 10. f4 {[%emt 0:00:30]} Nbd7 {[%emt 0:01:30]} 11. Qf3 {[%emt 0:01:30]} h5 {[%emt 0:02:30]} 12. Bd2 {[%emt 0:01:30]} Be7 {[%emt 0:06:30]} 13. Rae1 {[%emt 0:00:30]} Nc5 {[%emt 0:01:30]} 14. b4 {[%emt 0:02:30]} Ncd7 {[%emt 0:02:30]} 15. Qe2 {[%emt 0:02:30]} Ng4 {[%emt 0:04:30]} 16. Nb3 {[%emt 0:05:30]} Bf6 {[%emt 0:09:30]} 17. Na5 {[%emt 0:02:30]} Rc8 {[%emt 0:06:30]} 18. e5 {[%emt 0:01:30]} dxe5 {[%emt 0:01:30]} 19. Nxb7 {[%emt 0:00:30]} Qxb7 {[%emt 0:00:30]} 20. Ne4 {[%emt 0:00:30]} Be7 {[%emt 0:04:30]} 21. f5 {[%emt 0:01:30]} Qc6 {[%emt 0:04:30]} 22. a4 {[%emt 0:04:30]} Qd5 {[%emt 0:09:30]} 23. axb5 {[%emt 0:01:30]} axb5 {[%emt 0:00:30]} 24. Nc3 {[%emt 0:01:30]} Qd6 {[%emt 0:04:30]} 25. Nxb5 {[%emt 0:01:30]} Qb8 {[%emt 0:00:00]} 26. fxe6 {[%emt 0:00:30]} Ndf6 {[%emt 0:01:00]} 27. c4 {[%emt 0:01:30]} e4 {[%emt 0:00:30]} 28. exf7+ {[%emt 0:01:30]} Kf8 {[%emt 0:00:30]} 29. Bf4 {[%emt 0:00:30]} exd3 {[%emt 0:00:00]} 1-0